La ratoncita que buscaba marido / (Record no. 187954)

MARC details
000 -CABECERA
campo de control de longitud fija 00736nam a2200229 u 4500
005 - FECHA Y HORA DE LA ÚLTIMA TRANSACCIÓN
campo de control 20220526063431.0
008 - ELEMENTOS DE LONGITUD FIJA--INFORMACIÓN GENERAL
campo de control de longitud fija 170208s2002 mx r 000 0 spa d
020 ## - NÚMERO INTERNACIONAL NORMALIZADO PARA LIBROS
Número Internacional Estándar del Libro 9786079501181
035 ## - NÚMERO DE CONTROL DEL SISTEMA
Número de control de sistema UPN01000215854
049 ## - COLECCIÓN
Colección I
050 #4 - SIGNATURA TOPOGRÁFICA DE LA BIBLIOTECA DEL CONGRESO
Número de clasificación PZ76.3
Número de documento/Ítem V5.72
100 1# - ASIENTO PRINCIPAL--NOMBRE PERSONAL
Nombre de persona Vidal, Francine,
Fechas asociadas al nombre 1974 -
9 (RLIN) 40226
245 13 - MENCIÓN DE TÍTULO
Título La ratoncita que buscaba marido /
Mención de responsabilidad, etc. Francine Vidal ; il. Martine Bourre ; tr. Luis Barbeytia.
260 ## - PUBLICACIÓN, DISTRIBUCIÓN, ETC.
Lugar de publicación, distribución, etc. México :
Nombre del editor, distribuidor, etc. CIDCLI,
Fecha de publicación, distribución, etc. 2002.
300 ## - DESCRIPCIÓN FÍSICA
Extensión [19] p. :
Otras características físicas il. col.
440 #0 - MENCIÓN DE SERIE/ASIENTO SECUNDARIO--TÍTULO
Título Brincacharcos
534 ## - NOTA SOBRE LA VERSIÓN ORIGINAL
Frase introductoria Título original:
Mención de título del original La souris qui cherchait un mari
650 #4 - ASIENTO SECUNDARIO DE MATERIA - TERMINO TEMATICO
Término de materia o nombre geográfico como elemento de entrada RATONES -
Subdivisión de forma LITERATURA INFANTIL
9 (RLIN) 10248
650 #0 - ASIENTO SECUNDARIO DE MATERIA - TERMINO TEMATICO
Término de materia o nombre geográfico como elemento de entrada Cuentos infantiles franceses
9 (RLIN) 8588
905 ## - TIPO DE MATERIAL
Tipo de material Infantil
Holdings
Estado de retiro Estado de pérdida Fuente del sistema de clasificación o colocación Estado dañado No para préstamo Código de colección Localización permanente Ubicación/localización actual Ubicación en estantería Total de préstamos Clasificación Código de barras Fecha visto por última vez Número de copia Tipo de ítem Koha
    Library of Congress Classification     Infantil Bib. Gregorio Torres Quintero Bib. Gregorio Torres Quintero Sala infantil Planta baja 4 PZ76.3 V5.72 306289 18/10/2021 1 Libro